GUIDELINES on control of exposure to hazardous wood preservatives in the wood processing industry

Bibliographic Details
Corporate Author: Institut Penyelidikan Perhutanan Malaysia (FRIM)
Other Authors: Wong
Format: Book
Published: Kuala Lumpur : Institut Penyelidikan Perhutanan Malaysia , 1999
Series:FRIM technical information handbook; n. 28
Subjects:

MARC

LEADER 00000cam a2200000 7i4500
001 0000000906
005 20001031.0
020 0 0 |a 983959298X 
090 0 0 |a 674.386   |b GUI 1999 
245 0 0 |a GUIDELINES on control of exposure to hazardous wood preservatives in the wood processing industry   |c Andrew Wong Han Hoy 
260 0 0 |a Kuala Lumpur :   |b Institut Penyelidikan Perhutanan Malaysia ,   |c 1999 
300 |a 50 p. :   |b ill. ;   |c 25 cm. 
440 0 0 |a FRIM technical information handbook; n. 28 
500 0 0 |a Bibliography: [p. 49-50] 
650 0 0 |a Wood preservatives   |z Safety regulations 
700 0 1 |a Wong   |h Han Hoy, Andrew 
710 1 1 |a Institut Penyelidikan Perhutanan Malaysia (FRIM) 
999 |a 0000001917   |b Monograph   |c Open Shelf   |e Default branch